000 00494nam a2200193Ia 4500
005 20240802102027.0
008 131103s9999 xx 000 0 und d
040 _aLoreto College
041 _aEnglish
082 _a822.33
_bWYA
245 4 _aThe stories of Shakespeare's plays
_b volumes I & II
260 _aLondon
_bO.U.P.
_c1960
300 _a145p.
440 _aTales Retold for Easy Reading
650 _aShakespeare
651 _aEnglish drama
850 _aLCBED
942 _cBK
999 _c29802
_d80281